000 00465nam a2200181Ia 4500
001 18627
005 20260306171644.0
008 260306s9999||||xx |||||||||||||| ||und||
041 _aESP
082 _a658.4092
_bK16
100 _aKahnweiler, Jennifer B.
_eAUT
245 0 _aEl líder introvertido:
_baprovecha tu talento más silencioso
260 _c2010
300 _a219 páginas :
_c21 cm.
650 _aGEN
654 _aCAN
942 _cLIB
_dJUS
_fJUS
_2ddc
_n
999 _c18627
_d18627